| 000 | 00928cam a2200325 4500 | ||
|---|---|---|---|
| 001 | ABS63549 | ||
| 008 | 000000n2001 000 0 eng u | ||
| 035 | _a(Sirsi) u111252 | ||
| 245 | _aRegional survey: London boroughs west | ||
| 260 | _c2001 | ||
| 490 |
_aProperty Week _v66(9) 2 March 2001, 49-68(7) |
||
| 590 | _aABS | ||
| 650 | _aLONDON BOROUGHS | ||
| 650 | _aHARROW | ||
| 650 | _aEALING BROADWAY | ||
| 650 | _aHOUNSLOW | ||
| 650 | _aUXBRIDGE | ||
| 650 | _aRICHMOND-UPON-THAMES | ||
| 650 | _aHAMMERSMITH | ||
| 650 | _aKILBURN | ||
| 650 | _aWEMBLEY | ||
| 650 | _aHAYES | ||
| 650 | _aFULHAM | ||
| 650 | _aHEATHROW | ||
| 650 | _aINDUSTRIAL MARKET | ||
| 650 | _aPROPERTY-COMMERCIAL PROPERTY-OFFICE PROPERTY-OFFICE PROPERTY MARKET | ||
| 650 | _aPROPERTY-COMMERCIAL PROPERTY-RETAIL PROPERTY-RETAIL PROPERTY MARKET | ||
| 690 | _aPROPERTY-COMMERCIAL PROPERTY-COMMERCIAL PROPERTY MARKET | ||
| 942 | _n0 | ||
| 999 |
_c66284 _d66284 |
||